Mathematics Education / (Record no. 1016)

000 -LEADER
fixed length control field 00700nam a22002177a 4500
003 - CONTROL NUMBER IDENTIFIER
control field OSt
005 - DATE AND TIME OF LATEST TRANSACTION
control field 20140116120843.0
008 - FIXED-LENGTH DATA ELEMENTS--GENERAL INFORMATION
fixed length control field 121022b xxu||||| |||| 00| 0 eng d
040 ## - CATALOGING SOURCE
Original cataloging agency LoC
Language of cataloging English
050 ## - LIBRARY OF CONGRESS CALL NUMBER
Classification number QA12.M87 1992
100 ## - MAIN ENTRY--PERSONAL NAME
Personal name Mutunga, P.
245 ## - TITLE STATEMENT
Title Mathematics Education /
Statement of responsibility, etc Peter Mutunga and John Breakell
260 ## - PUBLICATION, DISTRIBUTION, ETC. (IMPRINT)
Place of publication, distribution, etc Nairobi
Name of publisher, distributor, etc Educational Research and Publications
Date of publication, distribution, etc 1992
300 ## - PHYSICAL DESCRIPTION
Extent iii.:264p.
Other physical details ill.;tables
504 ## - BIBLIOGRAPHY, ETC. NOTE
Bibliography, etc includes bibliography
505 ## - FORMATTED CONTENTS NOTE
Formatted contents note Background to mathematics---Planning and teaching Mathematics lessons---Teaching primary school mathematics
650 ## - SUBJECT ADDED ENTRY--TOPICAL TERM
Topical term or geographic name as entry element Mathematics
650 ## - SUBJECT ADDED ENTRY--TOPICAL TERM
Topical term or geographic name as entry element Training of teachers
700 ## - ADDED ENTRY--PERSONAL NAME
Personal name Braekell, J.
942 ## - ADDED ENTRY ELEMENTS (KOHA)
Source of classification or shelving scheme
Koha item type Book
Holdings
Withdrawn status Lost status Source of classification or shelving scheme Damaged status Not for loan Home library Current library Date acquired Total Checkouts Full call number Barcode Date last seen Date checked out Copy number Price effective from Koha item type
          Riara University Library Riara University Library 22/10/2012 1 QA12.M87 1992 3515/12 09/06/2014 27/11/2012 C.1 22/10/2012 Book
          Riara University Library Riara University Library 22/10/2012 2 QA12.M87 1992 3514/12 14/05/2013 14/05/2013 C.2 22/10/2012 Book

Riara University Library,
P.O. Box 49940-00100,
Nairobi, Kenya.